000 00303 a2200145 4500
001 177559
020 _a
040 _cMagnum
100 _aMaternal e Iº Periodo
240 1 0 _aCantando na escola
_lpor
245 1 0 _aCantando na escola
362 0 _a1899
697 _aMAGNITO: MUSICA
942 _cBK
999 _c177559
_d177559